Регионална библиотека "Любен Каравелов" - Русе

Lesni pohadky (Запис номер 140205)

MARC детайли
000 -Лидер
Контролно поле с фиксирана дължина 02261nam a2200421 c 4500
003 - Код на организацията, давaща контролен номер
Контролно поле BLK
005 - Дата и час на последна редакция
Контролно поле 20241110004101.0
008 - Елементи от данни с фиксирана дължина
fixed length control field 180409b bul|||||r ||||||| ||bul||
010 ## - Наследен системен номер
LC control number KNG00146264000
040 ## - Източник на каталожния запис
Идентификатор на билиотеката - собственик на записа BLK
041 ## - Код за език
Код за езика на текст/звукозапис или на отделно заглавие
Код за езика КДБФ Други славянски езици
080 ## - УДК
Текстов определител УДК Българска литература
УДК код - определител по УДК 821.163.2
УДК определител -93-34
УДК - код + определител 821.163.2-93-34
139 ## - Редно поле
Редна дума Lesni pohadky
Авторски знак Les - L 58
245 10 - Сведения за заглавието
Заглавие Lesni pohadky
Редно поле (дума) прев. от бълг. Hana Reinerova; * Angel Ivanov Karalijcev; * Stojan Anastasov; * Ran Bosilek; * Aleksandar Poplilov; * Emilijan Stanev; * Vadim Lasarkevic; * Ран Босилек; * Александър Поплилов; * Емилиян Станев; * Вадим Вадимович Лазаркевич; * Ангел Иванов Каралийчев; * Стоян Анастасов.
257 ## - Страна на издаване
Страна на създаване/издаване България
260 ## - Област на издателските данни
-- Sofia
Име на издателя, разпространителя и проч. Bulg. chudoznik
Година на издаване 1972
300 ## - Физическа характеристика
Страници 48 с.
Илюстрации и др. с ил.
Размери/Мащаб 30 см
380 ## - Жанр
Жанр Детска худож. лит.
500 ## - Общи забележки
Забележка 10 213 тир. - Съдържа: O tetce medvedce a stryci zajici. Lidova pohadka / Ran Bosilek ; Ilustr. Alexsandr Poplilev. Jarni prochazka / Emilian Stanev ; Ilustr. Vadim Lazarkevic. Hladovy wik. Hloupy medved / Angel Karalijcev ; Ilustr. Stojan Anastasov.
700 1# - Други автори (авторска отговорност)
Лично име Reinerova, Hana
Автороска отговорност (Описва отношението между автора и произведението) прев. от бълг.
9 (RLIN) 22251
700 1# - Други автори (авторска отговорност)
Лично име Karalijcev, Angel Ivanov
Автороска отговорност (Описва отношението между автора и произведението) *
9 (RLIN) 378925
700 1# - Други автори (авторска отговорност)
Лично име Anastasov, Stojan
Автороска отговорност (Описва отношението между автора и произведението) *
9 (RLIN) 376978
700 1# - Други автори (авторска отговорност)
Лично име Ran Bosilek
Автороска отговорност (Описва отношението между автора и произведението) *
9 (RLIN) 326986
700 1# - Други автори (авторска отговорност)
Лично име Poplilov, Aleksandar
Автороска отговорност (Описва отношението между автора и произведението) *
9 (RLIN) 326987
700 1# - Други автори (авторска отговорност)
Лично име Stanev, Emilijan
Автороска отговорност (Описва отношението между автора и произведението) *
9 (RLIN) 326988
700 1# - Други автори (авторска отговорност)
Лично име Lasarkevic, Vadim
Автороска отговорност (Описва отношението между автора и произведението) *
9 (RLIN) 16526
700 ## - Други автори (авторска отговорност)
Лично име Ран Босилек
Пълна форма на името Негенцов, Генчо Станчев
Дати, свързани с автора 1886 - 1958
Друга информация Писател, поет. Прев. от гръцки, немски и руски език.
9 (RLIN) 363447
700 1# - Други автори (авторска отговорност)
Лично име Поплилов, Александър
Автороска отговорност (Описва отношението между автора и произведението) *
9 (RLIN) 374240
700 1# - Други автори (авторска отговорност)
Лично име Станев, Емилиян
Пълна форма на името Станев, Никола Стоянов
Дати, свързани с автора 1907-1979
9 (RLIN) 363786
700 1# - Други автори (авторска отговорност)
Лично име Каралийчев, Ангел Иванов
Дати, свързани с автора 1902-1972
Автороска отговорност (Описва отношението между автора и произведението) *
9 (RLIN) 76702
700 1# - Други автори (авторска отговорност)
Лично име Анастасов, Стоян
Автороска отговорност (Описва отношението между автора и произведението) *
9 (RLIN) 367335
852 ## - Местоположение
Форматна сигнатура Цб ІІ 18216
856 4# - Електронен адрес и достъп
Електронен формат pdf - файл
Път до файла /url/
856 4# - Електронен адрес и достъп
Електронен формат pdf - файл
Път до файла /url/
942 ## - АРТИКУЛИ
Вид на библиотечния материал Книги
Скрит в OPAC Не
944 ## - СЪЗДАВАНЕ И РЕДАКЦИЯ на ЗАПИСА
Създаване/Редакция Създаване
Дата на регистрацията/редакция 17.07.2013
Статус, дата на статуса CRON CRON
Служител, извършил регистрацията/редакцията
944 ## - СЪЗДАВАНЕ И РЕДАКЦИЯ на ЗАПИСА
Създаване/Редакция Редакция
Дата на регистрацията/редакция 17.07.2013
Статус, дата на статуса 17.07.2013 - от С1,Р / 17.07.2013
Служител, извършил регистрацията/редакцията
999 ## - СИСТЕМНИ КОНТРОЛНИ НОМЕРА
Koha biblionumber 140205
Koha biblioitemnumber 140205
Наличности
Код за отписване Код за изгубен артикул Източник на класификационната схема Код за повреда Коз за рестрикции Код за отдаване Артикулен № Име на библиотеката - собственик Име на библиотеката, в която се намира в момента Статус (Текущо местоположение) Дата на вписване в системата Местоположение - отдел Цена в лева Инвентарен номер Систематично азбучна сигнатура Баркод Номер на екземпляра Цена в евро Служебна бележка Служебен тип на артикула
  Не е изгубен Universal Decimal Classification Не е повреден без рестрикции ползва се в читалня 229932 Регионална библиотека "Любен Каравелов" Русе Регионална библиотека "Любен Каравелов" Русе Хранилище 1972-01-01 Хранилище 1.00 125765 Цб ІІ 18216 120000125765 1 0.51 Вид: СФ N: стар фонд Дата: 01.01.1972 Книги
Vip Innovations Ltd, Rousse, Bulgaria 2025